Southville International School and Colleges

Pride and prejudice / (Record no. 110805)

000 -LEADER
fixed length control field 00489nam a2200181 a 4500
001 - CONTROL NUMBER
control field 4049
005 - DATE AND TIME OF LATEST TRANSACTION
control field 20140414131903.0
008 - FIXED-LENGTH DATA ELEMENTS--GENERAL INFORMATION
fixed length control field 081211s19uu xx 00 eng d
020 ## - INTERNATIONAL STANDARD BOOK NUMBER
International Standard Book Number 981-4177-41-5
050 ## - LIBRARY OF CONGRESS CALL NUMBER
Classification number TR
Item number Au7 2004
100 ## - MAIN ENTRY--PERSONAL NAME
Personal name Austen, Jane
245 ## - TITLE STATEMENT
Title Pride and prejudice /
Statement of responsibility, etc Jane Austen.
250 ## - EDITION STATEMENT
Edition statement Illustrated Classics ed.
260 ## - PUBLICATION, DISTRIBUTION, ETC. (IMPRINT)
Place of publication, distribution, etc Macpherson Road :
Name of publisher, distributor, etc Allscript,
Date of publication, distribution, etc c2004.
300 ## - PHYSICAL DESCRIPTION
Extent 223 p. : ill. ; cm.
650 ## - SUBJECT ADDED ENTRY--TOPICAL TERM
Topical term or geographic name as entry element Social classes
General subdivision Fiction
Holdings
Shelving location Lost status Date last seen Withdrawn status Source of acquisition Current Location Damaged status Permanent Location Full call number Cost, normal purchase price Price effective from Date acquired Barcode Koha item type
Teachers Reference Section 2014-04-14  Munich Library Munich LibraryTR Au7 200435.002014-04-142008-12-11M1306Books
Powered by Koha